000 00278nam a22000977a 4500
008 230522b |||||||| |||| 00| 0 eng d
082 _a333.95
245 _aParticipant Manual: Curriculum 7;
_bCrisis Intervention for Addiction Professionals
300 _a145 p.
_c28 cm
942 _2ddc
999 _c9596
_d9597